000 00238nam a22001097a 4500
041 _aENG
245 _aSpecification For Solar Wax Extractor
260 _aNew Delhi
_bBIS
_c1977
300 _a06
650 _aBIS Code
856 _uBIS Code
999 _c2116
_d2116